MARC

LEADER 00000nas a22000007a 4500
001 ssj0012145
003 WaSeSS
005 20200512172242.0
006 m d
007 cr n
008 021211c19939999cauqr pss 0 a0eng c
010 |a  2002227238 
015 |a GBB401154  |2 bnb 
016 7 |a 023159308  |2 DE-101 
016 7 |a 2070095-7  |2 DE-600 
016 7 |a 016584012  |2 Uk 
022 |a 1938-274X  |l 1065-9129  |y 1065-9129 
035 |a (WaSeSS)ssj0012145 
040 |a EYM  |b eng  |c EYM  |d OCLCQ  |d MUQ  |d OCL  |d NSD  |d OCLCQ  |d GBVCP  |d DLC  |d OCLCQ  |d OCLCF  |d VT2  |d OCLCQ  |d DEBBG  |d NLE  |d GILDS  |d OCLCO  |d DLC  |d DKU  |d AU@  |d UKMGB  |d CGU  |d NJT  |d SFB  |d WaSeSS 
042 |a nsdp  |a pcc 
050 1 4 |a JA1 
082 1 0 |a 320.5  |2 14 
130 0 |a Political research quarterly (Online) 
222 0 |a Political research quarterly  |b (Online) 
245 1 0 |a Political research quarterly  |h [electronic resource]. 
260 |a Salt Lake City, Utah :  |b University of Utah,  |c ©1993- 
260 3 |3 <2018->:  |a Thousand Oaks, CA :  |b SAGE Publications 
310 |a Quarterly 
362 0 |a Vol. 46, no. 1 (Mar. 1993)- 
500 |a Title from title screen (viewed Dec. 12, 2002). 
506 |a License restrictions may limit access. 
538 |a Mode of access: World Wide Web. 
550 |a Official journal of: Western Political Science Association, Pacific Northwest Political Science Association, Southern California Political Science Association, and Northern California Political Science Association. 
588 |a Latest issue consulted: Vol. 51, no. 4 (Dec. 1998). 
650 0 |a Political science  |v Periodicals. 
650 6 |a Science politique  |v Périodiques. 
650 7 |a Political science.  |2 fast  |0 (OCoLC)fst01069781 
655 0 |a Electronic journals. 
710 2 |a Western Political Science Association. 
710 2 |a Pacific Northwest Political Science Association. 
710 2 |a Southern California Political Science Association. 
710 2 |a Northern California Political Science Association. 
776 0 8 |i Print version:  |t Political research quarterly  |x 1065-9129  |w (DLC) 93657077  |w (OCoLC)26790930 
780 0 0 |t Western political quarterly (Online)  |x 2325-8675  |w (DLC) 2002227237  |w (OCoLC)51205207 
856 4 0 |z Full text available from Research Library: 09/01/1996 to 12/31/2018  |u https://search.proquest.com/publication/42215